000 00472nam a2200181Ia 4500
001 5041
005 20260306145839.0
008 260306t2013||||xx |||||||||||||| ||spa||
041 _aESP
082 _a332.678
_bA66
100 _aAraujo Arévalo, David
_eAUT
245 0 _aProyectos de inversión:
_banálisis, formulación y evaluación práctica
260 _c2013
300 _a208 páginas :
_c23 cm.
650 _aGEN
654 _aCAN
942 _cLIB
_dJUS
_fJUS
_2ddc
_n
999 _c5041
_d5041